00764nam a2200229 a 4500001001000000003000900010005001700019007000300036008004100039040002500080082001600105100003800121245012000159260003300279300001900312504002700331590002700358910001400385942001300399952010500412999001700517000044574DO-SdBNP20220808110111.0ta140717s1947 ag 000 spa d aDO-SdBNPbspacBNPHU axxxxbC471c aChardon, Carlos E.,926196d1897- 3aLa contribución del Doctor Roberto E. Fries : ba los estudios botánicos del nuevo mundo. /cCarlos E. Chardon  aBuenos Aires :bConi,c1947. a10 p. c26 cm. aBibliografía p: 8-10 aInventariado, 2022/ YL aYLockward 2ddccLF2 00102ddc51708DS-FRVaBNPHUbBNPHUcHDd2014-07-17iLF1o p44574-10r2020-06-25w2020-06-25yLF2 c44063d44063